Stop arguing and get back to work (Record no. 72793)
[ view plain ]
| 000 -LEADER | |
|---|---|
| fixed length control field | 01193cam a2200229 4500 |
| 001 - CONTROL NUMBER | |
| control field | ABS66689 |
| 008 - FIXED-LENGTH DATA ELEMENTS--GENERAL INFORMATION | |
| fixed length control field | 030529n2003 000 0 eng u |
| 035 ## - SYSTEM CONTROL NUMBER | |
| System control number | (Sirsi) u122469 |
| 100 ## - MAIN ENTRY--PERSONAL NAME | |
| Personal name | Burns, M. |
| 245 ## - TITLE STATEMENT | |
| Title | Stop arguing and get back to work |
| 260 ## - PUBLICATION, DISTRIBUTION, ETC. | |
| Date of publication, distribution, etc. | 2003 |
| 490 ## - SERIES STATEMENT | |
| Series statement | Estates Gazette |
| Volume/sequential designation | (0319) 10 May 2003, 110-111(2) |
| 520 ## - SUMMARY, ETC. | |
| Summary, etc. | In a "Mainly for students" article, the usefulness of adjudication as a method of resolving constuction disputes is explained. Describes the work of the RICS dispute resolution service and its key features such as the encouragement given to parties to settle their dispute outside court. Argues that in practice most adjudictors' decisions resolve the dispute for certain types of complex disputes. With brief notes on other methods of resolving construction disputes and issues for the adjudicator. |
| 590 ## - LOCAL NOTE (RLIN) | |
| Local note | ABS |
| 650 ## - SUBJECT ADDED ENTRY--TOPICAL TERM | |
| Topical term or geographic name entry element | RICS DISPUTE RESOLUTION SERVICE |
| 650 ## - SUBJECT ADDED ENTRY--TOPICAL TERM | |
| Topical term or geographic name entry element | HOUSING GRANTS, CONSTRUCTION AND REGENERATION ACT 1996 |
| 650 ## - SUBJECT ADDED ENTRY--TOPICAL TERM | |
| Topical term or geographic name entry element | CIVIL PROCEDURE RULES |
| 650 ## - SUBJECT ADDED ENTRY--TOPICAL TERM | |
| Topical term or geographic name entry element | SCHEME FOR CONSTRUCTION CONTRACTS (ENGLAND AND WALES) REGULATIONS 1998 |
| 650 ## - SUBJECT ADDED ENTRY--TOPICAL TERM | |
| Topical term or geographic name entry element | LATHAM REFORMS |
| 690 ## - LOCAL SUBJECT ADDED ENTRY--TOPICAL TERM (OCLC, RLIN) | |
| Topical term or geographic name as entry element | Dispute resolution |
| 9 (RLIN) | 6236 |
| 942 ## - ADDED ENTRY ELEMENTS (KOHA) | |
| Suppress in OPAC | 0 |
| Withdrawn status | Lost status | Source of classification or shelving scheme | Damaged status | Not for loan | Home library | Current library | Shelving location | Date acquired | Total Checkouts | Full call number | Barcode | Date last seen | Copy number | Price effective from | Koha item type |
|---|---|---|---|---|---|---|---|---|---|---|---|---|---|---|---|
| Dewey Decimal Classification | London | London | Journal article | 29/05/2003 | ABS66689 | 122469-1001 | 06/08/2019 | 1 | 06/08/2019 | Journal article |